000 00791nam a2200193 i 4500
001 184583
003 ES-MaACL
005 20251002195128.0
008 151023s1911 sp |||| | spa d
245 0 0 _aAntiguos gremios de Huesca :
_bordinaciones, documentos /
_ctranscripción y estudio preliminar de Ricardo del Arco/.
260 _a[S.l. :
_bs.n.,
_c1911] (
_eZaragoza :
_fGráf. Pedro Carra)
300 _aXVIII, 269 p. ;
_c23 cm.
490 1 _aColección de documentos para el estudio de la historia de Aragón ;
_v6
650 7 _aGremios-
_zHuesca
_2
_9158004
700 1 _aArco y Garay, Ricardo del,
_d1888-1955
_922507
830 0 0 _aColección de documentos para el estudio de la historia de Aragón
_v6
_9192177
852 _aES-MaACL
_jC-2175
999 _c184583
_d184583